[Event "New York 1000 GM Winter GM-A"]
[Site "New York"]
[Date "2024.01.13"]
[Round "4"]
[White "Hardaway, Brewington"]
[Black "Stearman, Josiah P"]
[Result "1-0"]
[WhiteElo "2427"]
[BlackElo "2455"]
[PlyCount "75"]
[EventDate "2024.01.11"]
[EventType "tourn"]
[EventRounds "9"]
[EventCountry "USA"]
[EventCategory "8"]
[SourceTitle "CB04_2024"]
[SourceDate "2023.10.16"]
[SourceVersion "1"]
[SourceVersionDate "2023.10.16"]
[SourceQuality "1"]

1. e4 c5 2. Nf3 d6 3. d4 cxd4 4. Nxd4 Nf6 5. Nc3 a6 6. Be2 e5 7. Nb3 Be7 8. 0-0 0-0 9. Qd3 Be6 10. Be3 Nbd7 11. Nd5 Bxd5 12. exd5 Qc7 13. c4 a5 14. a4 b6 15. Nd2 Nc5 16. Qc2 Na6 17. Rac1 Nb4 18. Qb1 Nd7 19. f4 Qd8 20. f5 Bg5 21. Bxg5 Qxg5 22. Ne4 Qe3+ 23. Rf2 Nc5 24. Nxc5 Qxc5 25. f6 e4 26. fxg7 Rfe8 27. Rcf1 Qe3 28. Kh1 Ra7 29. Qd1 Re5 30. Rf6 Rd7 31. Bh5 Ree7 32. Bg4 Rc7 33. Be6 Nd3 34. Qh5 Ne5 35. Bf5 Kxg7 36. Qxh7+ Kxf6 37. Qh8+ Kg5 38. h4# 1-0

[Event "Edward Lasker Memorial 107th"]
[Site "New York"]
[Date "2023.12.09"]
[Round "4"]
[White "Chabris, Christopher"]
[Black "Hardaway, Brewington"]
[Result "0-1"]
[WhiteElo "2092"]
[BlackElo "2435"]
[PlyCount "62"]
[EventDate "2023.12.07"]
[EventType "swiss"]
[EventRounds "6"]
[EventCountry "USA"]
[SourceTitle "CB50_2023"]
[SourceDate "2023.12.13"]
[SourceVersion "1"]
[SourceVersionDate "2023.12.13"]
[SourceQuality "1"]

1. e4 e5 2. Nf3 Nc6 3. Bb5 a6 4. Ba4 Nf6 5. 0-0 d6 6. Re1 Bd7 7. c3 g6 8. d4 Bg7 9. d5 Ne7 10. c4 0-0 11. Bxd7 Nxd7 12. Nc3 h6 13. Rb1 f5 14. b4 Nf6 15. a4 Nxe4 16. Nxe4 fxe4 17. Rxe4 b5 18. Qe2 bxc4 19. Qxc4 c6 20. dxc6+ d5 21. Qb3 Nxc6 22. Rg4 Kh7 23. Rxg6 Kxg6 24. Qc2+ e4 25. Qxc6+ Kh7 26. Ne1 Qf6 27. Qxf6 Bxf6 28. b5 axb5 29. axb5 Bc3 30. Kf1 Ra2 31. f3 Bd4 0-1

[Event "US Masters op"]
[Site "Charlotte"]
[Date "2023.11.26"]
[Round "9"]
[White "Hardaway, Brewington"]
[Black "Balakrishnan, Praveen"]
[Result "1-0"]
[WhiteElo "2323"]
[BlackElo "2521"]
[PlyCount "151"]
[EventDate "2023.11.22"]
[EventType "swiss"]
[EventRounds "9"]
[EventCountry "USA"]
[SourceTitle "CB48_2023"]
[SourceDate "2023.11.29"]
[SourceVersion "1"]
[SourceVersionDate "2023.11.29"]
[SourceQuality "1"]

1. e4 c5 2. Nf3 d6 3. d4 cxd4 4. Nxd4 Nf6 5. Nc3 a6 6. Be2 e5 7. Nb3 Be7 8. 0-0 0-0 9. Qd3 Nc6 10. a3 b5 11. Bd2 Re8 12. Nd5 Nxd5 13. exd5 Nd4 14. Nxd4 exd4 15. Bf3 Bf6 16. Be4 h6 17. Rfe1 Bb7 18. Re2 Be5 19. Rae1 Kf8 20. Qh3 d3 21. Bxd3 Bxd5 22. Qf5 g6 23. Bxh6+ Kg8 24. Qg5 Qxg5 25. Bxg5 Reb8 26. c3 a5 27. f4 Bg7 28. f5 gxf5 29. Bxf5 Be5 30. Be4 Bxe4 31. Rxe4 b4 32. cxb4 axb4 33. axb4 Bxb2 34. Be7 f5 35. Rf4 Re8 36. Rxf5 Be5 37. Bh4 Ra4 38. Bg3 Rxb4 39. Bxe5 dxe5 40. Rfxe5 Rf8 41. Re8 Rb2 42. Rxf8+ Kxf8 43. h3 Kg7 44. Kh2 Rb3 45. Rf1 Kg6 46. Rf3 Rb4 47. Kg3 Kg5 48. Ra3 Rb5 49. h4+ Kh5 50. Kh3 Rb1 51. g4+ Kh6 52. Ra6+ Kg7 53. h5 Rb3+ 54. Kh4 Rb4 55. h6+ Kh7 56. Kh5 Rb7 57. g5 Rb5 58. Ra7+ Kg8 59. Rg7+ Kh8 60. Rg6 Kh7 61. Rf6 Ra5 62. Kg4 Ra4+ 63. Rf4 Ra7 64. Re4 Rf7 65. Kh5 Rf5 66. Re7+ Kg8 67. Kg6 Rf8 68. Rg7+ Kh8 69. Rf7 Ra8 70. Rf5 Kg8 71. Kh5 Ra1 72. Rd5 Kf7 73. g6+ Kf6 74. g7 Ra8 75. Rg5 Kf7 76. h7 1-0

[Event "New York 1000 GM Fall GM-A"]
[Site "New York"]
[Date "2023.11.11"]
[Round "7"]
[White "Hardaway, Brewington"]
[Black "Atanasov, Anthony"]
[Result "1-0"]
[WhiteElo "2323"]
[BlackElo "2406"]
[PlyCount "95"]
[EventDate "2023.11.08"]
[EventType "schev"]
[EventRounds "9"]
[EventCountry "USA"]
[SourceTitle "CB46_2023"]
[SourceDate "2023.11.15"]
[SourceVersion "1"]
[SourceVersionDate "2023.11.15"]
[SourceQuality "1"]
[WhiteTeam "Team3"]
[BlackTeam "Team1"]
[WhiteTeamCountry "USA"]
[BlackTeamCountry "USA"]

1. Nf3 d5 2. g3 Bf5 3. Bg2 e6 4. 0-0 c6 5. d3 Be7 6. Qe1 h6 7. h3 Nd7 8. e4 Bh7 9. Nbd2 Qc7 10. Qe2 a5 11. a4 dxe4 12. Nxe4 Bxe4 13. dxe4 Ngf6 14. b3 0-0 15. Bb2 Rfe8 16. Nd2 Rad8 17. Bc3 Bb4 18. Bxb4 axb4 19. Nc4 Ne5 20. Ne3 c5 21. Qb5 Qe7 22. Rad1 Nc6 23. e5 Nxe5 24. Qxb7 Rd4 25. Qxe7 Rxe7 26. f4 Ng6 27. Rxd4 cxd4 28. Nc4 Rd7 29. Rd1 Ne7 30. a5 Ne8 31. Nb6 Rd6 32. Nc4 Rd7 33. Kf2 f6 34. Ra1 Nc7 35. a6 Ned5 36. a7 Na8 37. Ra6 Kf7 38. f5 exf5 39. Rd6 Rxd6 40. Nxd6+ Ke6 41. Nxf5 Nac7 42. Nxg7+ Ke5 43. Ne8 Na8 44. Nxf6 Ndb6 45. Nd7+ Nxd7 46. Bxa8 d3 47. cxd3 Kd4 48. Bc6 1-0

[Event "New York Marshall Labor Day GM"]
[Site "New York"]
[Date "2023.09.02"]
[Round "5"]
[White "Hardaway, Brewington"]
[Black "Chen, Justin"]
[Result "1/2-1/2"]
[WhiteElo "2378"]
[BlackElo "2376"]
[PlyCount "34"]
[EventDate "2023.08.31"]
[EventType "tourn"]
[EventRounds "9"]
[EventCountry "USA"]
[EventCategory "6"]
[SourceTitle "EXT 2024"]
[Source "ChessBase"]
[SourceDate "2023.10.10"]
[SourceVersion "1"]
[SourceVersionDate "2023.10.10"]
[SourceQuality "1"]

1. e4 e5 2. Nf3 Nf6 3. Nxe5 d6 4. Nf3 Nxe4 5. d4 d5 6. Bd3 Nc6 7. 0-0 Be7 8. Re1 Bg4 9. c4 Nf6 10. cxd5 Bxf3 11. Qxf3 Qxd5 12. Qxd5 Nxd5 13. Be4 0-0-0 14. Nc3 Bb4 15. Bd2 Nf6 16. d5 Ne7 17. Bg5 Nexd5 1/2-1/2

[Event "Charlotte Super op"]
[Site "Charlotte"]
[Date "2023.07.13"]
[Round "8"]
[White "Putnam, Liam H"]
[Black "Hardaway, Brewington"]
[Result "0-1"]
[WhiteElo "2293"]
[BlackElo "2361"]
[PlyCount "92"]
[EventDate "2023.07.09"]
[EventType "swiss"]
[EventRounds "9"]
[EventCountry "USA"]
[SourceTitle "CBM 215 Extra"]
[Source "ChessBase"]
[SourceDate "2023.09.30"]
[SourceVersion "1"]
[SourceVersionDate "2023.09.30"]
[SourceQuality "1"]

1. d4 d5 2. c4 e6 3. Nf3 Nf6 4. Nc3 c6 5. g3 Nbd7 6. Qd3 Be7 7. Bg2 0-0 8. 0-0 b6 9. e4 Ba6 10. b3 dxc4 11. bxc4 e5 12. dxe5 Ng4 13. Bf4 g5 14. h3 gxf4 15. hxg4 fxg3 16. Rad1 gxf2+ 17. Kxf2 Bc8 18. Rh1 Qc7 19. Rh5 f6 20. Nd5 Bc5+ 21. Ke2 cxd5 22. Qxd5+ Kh8 23. Rdh1 Nxe5 24. Rxh7+ Qxh7 25. Rxh7+ Kxh7 26. Qxa8 Bxg4 27. Qxa7+ Rf7 28. Qa4 Rg7 29. Qb3 Bxf3+ 30. Bxf3 Rg3 31. Bh5 Rxb3 32. axb3 Kh6 33. Be8 Kg5 34. Kd2 Kf4 35. Kc3 Kxe4 36. b4 Bd4+ 37. Kb3 f5 38. c5 Bxc5 39. bxc5 bxc5 40. Kc3 Ke3 41. Bb5 c4 42. Ba6 f4 43. Bc8 f3 44. Bh3 Ke2 45. Kd4 f2 46. Kxe5 c3 0-1

[Event "Charlotte Super op"]
[Site "Charlotte"]
[Date "2023.07.13"]
[Round "9"]
[White "Quesada Perez, Yasser"]
[Black "Hardaway, Brewington"]
[Result "1-0"]
[WhiteElo "2591"]
[BlackElo "2361"]
[PlyCount "111"]
[EventDate "2023.07.09"]
[EventType "swiss"]
[EventRounds "9"]
[EventCountry "USA"]
[SourceTitle "CBM 215 Extra"]
[Source "ChessBase"]
[SourceDate "2023.09.30"]
[SourceVersion "1"]
[SourceVersionDate "2023.09.30"]
[SourceQuality "1"]

1. e4 e5 2. Nf3 Nc6 3. Bc4 Bc5 4. c3 Nf6 5. d4 exd4 6. e5 d5 7. Be2 Ne4 8. cxd4 Bb6 9. Nc3 0-0 10. 0-0 Bg4 11. Be3 Nxc3 12. bxc3 f6 13. exf6 Qxf6 14. a4 Rae8 15. Rb1 Ne7 16. Ne5 Bxe2 17. Qxe2 Qe6 18. f4 Nf5 19. g4 Nxe3 20. Qxe3 Qd6 21. Kg2 c5 22. Rb5 cxd4 23. cxd4 a6 24. Rb2 Rc8 25. f5 Rfe8 26. Re2 Rc4 27. Qg5 Bd8 28. Qh5 Re7 29. f6 gxf6 30. Ref2 Re6 31. Qf7+ Kh8 32. Nxc4 dxc4 33. Rf5 Qe7 34. Qxe7 Bxe7 35. Kf3 Ba3 36. Rf2 c3 37. Rc2 Bb2 38. d5 Rd6 39. a5 Kg7 40. Ke3 b5 41. axb6 Rxb6 42. Rf4 Kf7 43. Kd3 Rb5 44. Kc4 Rb8 45. g5 Rc8+ 46. Kd3 Ra8 47. gxf6 Rd8 48. Rf5 Rd6 49. Re2 c2 50. Rxc2 Rxf6 51. Rxf6+ Bxf6 52. Rc7+ Kg6 53. Ke4 a5 54. d6 a4 55. Ra7 Bd8 56. Ke5 1-0

[Event "Charlotte Super op"]
[Site "Charlotte"]
[Date "2023.07.12"]
[Round "7"]
[White "Hardaway, Brewington"]
[Black "Senft, Sean"]
[Result "1-0"]
[WhiteElo "2361"]
[BlackElo "2160"]
[PlyCount "195"]
[EventDate "2023.07.09"]
[EventType "swiss"]
[EventRounds "9"]
[EventCountry "USA"]
[SourceTitle "CBM 215 Extra"]
[Source "ChessBase"]
[SourceDate "2023.09.30"]
[SourceVersion "1"]
[SourceVersionDate "2023.09.30"]
[SourceQuality "1"]

1. e4 c5 2. Nf3 d6 3. d4 cxd4 4. Nxd4 Nf6 5. Nc3 a6 6. Bd3 e5 7. Nde2 Be7 8. 0-0 0-0 9. Ng3 Be6 10. Nd5 Nxd5 11. exd5 Bxd5 12. Bxh7+ Kxh7 13. Qxd5 Nc6 14. Nf5 g6 15. Qd3 Rh8 16. Qd5 Qf8 17. Nxe7 Qxe7 18. Be3 Rad8 19. f4 Qe6 20. Qxe6 fxe6 21. fxe5 Nxe5 22. Rf6 Rhe8 23. Bd4 Rd7 24. Raf1 Ree7 25. R1f4 g5 26. Re4 Kg7 27. Rf2 Kg6 28. Rfe2 Kf5 29. h3 Kg6 30. Kh2 Rd8 31. Kg3 Kf5 32. Bxe5 dxe5 33. Rxe5+ Kf6 34. c3 Rh8 35. R5e3 e5 36. Rd3 e4 37. Rd6+ Kf5 38. Rf2+ Ke5 39. Rfd2 Kf5 40. R2d5+ Re5 41. Rd1 Re7 42. Kf2 e3+ 43. Kf3 g4+ 44. hxg4+ Kg5 45. Kg3 Re5 46. R6d5 Rhe8 47. Rxe5+ Rxe5 48. Kf3 Re7 49. Rd5+ Kg6 50. Ke2 Re4 51. Rd4 Re6 52. Rd3 Kg5 53. Rxe3 Rb6 54. b4 Kxg4 55. Kd3 Rd6+ 56. Kc4 b5+ 57. Kb3 Kf4 58. Rf3+ Ke4 59. Rf1 Rg6 60. g4 Rxg4 61. Rf6 a5 62. bxa5 Kd5 63. Rf5+ Kc6 64. Rf6+ Kc5 65. Rf8 Ra4 66. Rf5+ Kc6 67. Rf6+ Kc5 68. Ra6 Rh4 69. Ra8 Ra4 70. Kb2 b4 71. Rc8+ Kb5 72. c4+ Ka6 73. Kb3 Ra3+ 74. Kxb4 Rxa2 75. Rc6+ Kb7 76. Rb6+ Kc7 77. Rh6 Kb7 78. Rb6+ Kc7 79. Rh6 Kb7 80. Rg6 Ra1 81. Kb5 Rb1+ 82. Kc5 Ra1 83. Rg7+ Ka6 84. Rg6+ Kb7 85. Rg7+ Ka6 86. Kd6 Rxa5 87. c5 Ra1 88. Rc7 Rh1 89. Re7 Rd1+ 90. Kc7 Rc1 91. Kc6 Rh1 92. Kd7 Kb5 93. c6 Kb6 94. c7 Rd1+ 95. Kc8 Kc6 96. Re6+ Kc5 97. Re2 Kb6 98. Kb8 1-0

[Event "USA-ch U16"]
[Site "Schaumburg"]
[Date "2023.06.24"]
[Round "4"]
[White "Adewumi, Tanitoluwa"]
[Black "Hardaway, Brewington"]
[Result "1/2-1/2"]
[WhiteElo "2283"]
[BlackElo "2373"]
[PlyCount "118"]
[EventDate "2023.06.22"]
[EventType "tourn"]
[EventRounds "7"]
[EventCountry "USA"]
[EventCategory "4"]
[SourceTitle "CBM 214 Extra"]
[Source "ChessBase"]
[SourceDate "2023.07.31"]
[SourceVersion "1"]
[SourceVersionDate "2023.07.31"]
[SourceQuality "1"]

1. e4 e5 2. Nf3 Nc6 3. Nc3 Nf6 4. Bb5 Bc5 5. Bxc6 dxc6 6. d3 0-0 7. Be3 Bd6 8. h3 Nd7 9. Ne2 Re8 10. Qd2 Nf8 11. g4 Qf6 12. Nh4 g6 13. Bg5 Qh8 14. Nf5 Ne6 15. Bh6 Qf6 16. 0-0-0 Bf8 17. g5 Qd8 18. Bxf8 Kxf8 19. Ne3 Nxg5 20. f4 Nf3 21. Qc3 Nd4 22. Rde1 Nxe2+ 23. Rxe2 Qd4 24. Qa3+ Qd6 25. Qc3 exf4 26. Nc4 Qc5 27. Qf6 Be6 28. Ne5 Rad8 29. Qxf4 Kg7 30. Ng4 Bxg4 31. hxg4 Rh8 32. e5 Rde8 33. Qf6+ Kg8 34. e6 Qe7 35. exf7+ Qxf7 36. Rxe8+ Qxe8 37. Rf1 h5 38. Kd1 h4 39. Re1 Qf7 40. Qd8+ Kg7 41. Qg5 h3 42. Re7 h2 43. Qe5+ Kg8 44. Re8+ Qxe8 45. Qxe8+ Kg7 46. Qe7+ Kg8 47. Qd8+ Kg7 48. Qxc7+ Kg8 49. Qb8+ Kg7 50. Qxb7+ Kg8 51. Qa8+ Kg7 52. Qxa7+ Kg8 53. Qb8+ Kg7 54. Qb7+ Kg8 55. Qb3+ Kg7 56. Qc3+ Kg8 57. Qc4+ Kg7 58. Qd4+ Kg8 59. Qd8+ Kg7 1/2-1/2

[Event "Foxwoods op 15th"]
[Site "Ledyard"]
[Date "2023.04.07"]
[Round "5"]
[White "Hardaway, Brewington"]
[Black "Ansh, M Shah"]
[Result "1-0"]
[WhiteElo "2363"]
[BlackElo "2171"]
[PlyCount "79"]
[EventDate "2023.04.05"]
[EventType "swiss"]
[EventRounds "9"]
[EventCountry "USA"]
[SourceTitle "CBM 213 Extra"]
[Source "ChessBase"]
[SourceDate "2023.05.31"]
[SourceVersion "1"]
[SourceVersionDate "2023.05.31"]
[SourceQuality "1"]

1. e4 c6 2. d4 d5 3. e5 Bf5 4. h4 h5 5. Bd3 Bxd3 6. Qxd3 Qa5+ 7. Nd2 e6 8. Ngf3 Nh6 9. 0-0 Nf5 10. Nb3 Qb5 11. Qd1 c5 12. a4 Qb6 13. dxc5 Bxc5 14. Nxc5 Qxc5 15. c3 Nc6 16. Re1 Rc8 17. Bg5 Qb6 18. Rb1 a6 19. b3 Rc7 20. Nd2 Nce7 21. Qf3 Ng6 22. c4 Ngxh4 23. Qh3 Qd4 24. Ne4 0-0 25. Rbd1 Qb6 26. cxd5 exd5 27. Nd6 f6 28. Bxh4 Nxh4 29. Qxh4 fxe5 30. Rxd5 Rf4 31. Qg3 Rc3 32. Re3 Rc1+ 33. Kh2 Qd8 34. Nf5 Qf6 35. Rexe5 Rg4 36. Qh3 g6 37. Re8+ Kf7 38. Re7+ Qxe7 39. Nxe7 g5 40. Qxh5+ 1-0

[Event "Titled Tuesday intern op 28th Mar Early"]
[Site "Chess.com INT"]
[Date "2023.03.28"]
[Round "10"]
[White "Hardaway, Brewington"]
[Black "Novikov, Evgenij"]
[Result "1-0"]
[WhiteElo "2394"]
[BlackElo "2276"]
[PlyCount "95"]
[EventDate "2023.03.28"]
[EventType "swiss (blitz)"]
[EventRounds "11"]
[EventCountry "USA"]
[SourceTitle "EXT 2024"]
[Source "ChessBase"]
[SourceDate "2023.10.10"]
[SourceVersion "1"]
[SourceVersionDate "2023.10.10"]
[SourceQuality "1"]

1. d4 d6 2. e4 c6 3. Nc3 Qc7 4. Nf3 Bg4 5. h3 Bh5 6. Be3 Nd7 7. g4 Bg6 8. Nh4 e5 9. dxe5 dxe5 10. Bg2 Bc5 11. Qd2 Ne7 12. 0-0-0 0-0-0 13. Nf5 Bxf5 14. exf5 f6 15. Ne4 Bxe3 16. Qxe3 Kb8 17. c4 Nb6 18. b3 h5 19. Nc5 Qc8 20. Ne6 Rxd1+ 21. Rxd1 hxg4 22. hxg4 g6 23. Qc5 Nxf5 24. gxf5 gxf5 25. Qd6+ Ka8 26. Nc7+ Kb8 27. Nd5+ Ka8 28. Nxf6 e4 29. c5 Nd5 30. Nxd5 cxd5 31. Qxd5 Rf8 32. Bh3 a6 33. Kb1 Ka7 34. Bf1 Qc7 35. Qd6 Qg7 36. Qb6+ Ka8 37. c6 Rb8 38. cxb7+ Qxb7 39. Qxa6+ Qxa6 40. Bxa6 Re8 41. Bb5 Re5 42. Rd5 Rxd5 43. Bc6+ Kb8 44. Bxd5 Kc7 45. Kc2 Kd6 46. Bxe4 fxe4 47. Kd2 Ke5 48. Ke3 1-0